LIBRARY & INFORMATION CENTRE, KCAET, TAVANUR

ONLINE PUBLIC ACCESS CATALOGUE (OPAC)

Rice processing and allied operations (Record no. 13929)

MARC details
000 -LEADER
fixed length control field 00325nam a22001337a 4500
020 ## - INTERNATIONAL STANDARD BOOK NUMBER
ISBN 9789327219029
082 ## - DEWEY DECIMAL CLASSIFICATION NUMBER
Classification number 664.02
Item number DAS/RI
100 ## - MAIN ENTRY--AUTHOR NAME
Personal name Dash, Sanjaya K
245 ## - TITLE STATEMENT
Title Rice processing and allied operations
260 ## - PUBLICATION, DISTRIBUTION, ETC. (IMPRINT)
Place of publication Ludhiana
Name of publisher Kalyani Publishers
700 ## - ADDED ENTRY--PERSONAL NAME
Personal name Bebartta, J.P
700 ## - ADDED ENTRY--PERSONAL NAME
Personal name Kar, Abhijit
942 ## - ADDED ENTRY ELEMENTS (KOHA)
Koha item type Books
Holdings
Withdrawn status Lost status Damaged status Collection code Home library Current library Shelving location Date acquired Source of acquisition Cost, normal purchase price Full call number Accession Number Koha item type
      Non-fiction KAUAET KAUAET General Stacks 30/03/2013 Minerva Books 225.00 664.02 DAS/RI 23800 Books
free website counter